The life of Jesus / (Record no. 4948)

MARC details
000 -LEADER
fixed length control field 00470nam a22001817a 4500
003 - CONTROL NUMBER IDENTIFIER
control field GBCCL
005 - DATE AND TIME OF LATEST TRANSACTION
control field 20241126110530.0
008 - FIXED-LENGTH DATA ELEMENTS--GENERAL INFORMATION
fixed length control field 180215b ||||| |||| 00| 0 eng d
020 ## - INTERNATIONAL STANDARD BOOK NUMBER
International Standard Book Number 1852402474
040 ## - CATALOGING SOURCE
Transcribing agency gbc
082 ## - DEWEY DECIMAL CLASSIFICATION NUMBER
Classification number 232.901
Item number HOL
100 ## - MAIN ENTRY--PERSONAL NAME
Personal name Holdaway, David
9 (RLIN) 1673
245 ## - TITLE STATEMENT
Title The life of Jesus /
Statement of responsibility, etc. David Holdaway
260 ## - PUBLICATION, DISTRIBUTION, ETC.
Name of publisher, distributor, etc. Sovereign World,
Place of publication, distribution, etc. England:
Date of publication, distribution, etc. 1997
300 ## - PHYSICAL DESCRIPTION
Extent 288 p.;
Other physical details ill.,
Dimensions 20 cm.
650 ## - SUBJECT ADDED ENTRY--TOPICAL TERM
Topical term or geographic name entry element Life of Jesus
9 (RLIN) 7574
942 ## - ADDED ENTRY ELEMENTS (KOHA)
Source of classification or shelving scheme Dewey Decimal Classification
Koha item type Books
Koha issues (borrowed), all copies 3
Holdings
Withdrawn status Lost status Source of classification or shelving scheme Damaged status Not for loan Home library Current Library Shelving location Date acquired Total checkouts Full call number Barcode Date last seen Date last checked out Copy number Price effective from Koha item type Total renewals
    Dewey Decimal Classification     GRACE BIBLE COLLEGE GRACE BIBLE COLLEGE Theology 2018-02-15 2 232.901 HOL 007542 2026-03-17 2026-03-13 c.2 2018-02-15 Books  
    Dewey Decimal Classification     GRACE BIBLE COLLEGE GRACE BIBLE COLLEGE Theology 2018-02-15 4 232.901 HOL 006413 2026-03-19 2026-03-16 c.1 2018-02-15 Books 1
© Grace Bible College Library 2025